• 首页
  • 本馆介绍
  • 公告通知
  • 最新文献
  • 馆藏检索
  • 电子资源
  • 读者导购
  • 参考咨询
  • 我的图书馆
  • 登录
  • 详细信息显示
  • 放入我的书架
  • 预约/预借图书
  • 作者相关作品
  • 分类相关作品
  • 丛书相关作品
  • 出版社相关作品

书目信息

  • 表格格式
  • 工作单格式
  • 卡片格式
题名:
上市公司盈余质量如何影响资本配置效率研究
    
 
作者: 黄欣然 著
分册:  
出版信息: 北京   中国经济出版社  2013
页数: 14,218页
开本: 24cm
丛书名:
单 册:
中图分类: F279.246
科图分类:
主题词: 上市公司--企业利润--影响--资本经营--研究--中国 , 上市公司 , 企业利润 , 资本经营
电子资源:
ISBN: 978-7-5136-2527-2
000 01512nam0 22003011 450
001 519
005 20140909093127.06
010    @a978-7-5136-2527-2@dCNY38.00
100    @a20130710d2013 emky0chiy50 ea
101 0  @achi@deng
102    @aCN@b110000
105    @ay v 001yy
106    @ar
200 1  @a上市公司盈余质量如何影响资本配置效率研究@AShang Shi Gong Si Ying Yu Zhi Liang Ru He Ying Xiang Zi Ben Pei Zhi Xiao Lv Yan Jiu@dHow the earnings quality of listed companies affects the efficiency of capital allocation@f黄欣然著@FHuang Xin Ran Zhu@zeng
210    @a北京@c中国经济出版社@d2013
215    @a14,218页@d24cm
300    @a中国青年学者优秀博士论文库 财务会计与资本市场系列
300    @a国家社科基金青年项目研究成果
330    @a本书从会计信息质量经济后果的角度研究了会计信息质量如何对资本配置效率产生影响。书中立足于我国信息环境不完善、股权结构复杂及外部治理机制不健全的现实背景,围绕着代理问题、信息不对称、迎合等相关理论,梳理出影响企业资本配置效率的三种作用机制:管理者和大股东代理行为、融资约束限制、股价信息对管理者行为的引导作用,以此考察了会计信息质量对资本配置效率的影响路径。
510 1  @aHow the earnings quality of listed companies affects the efficiency of capital allocation@zeng
606 0  @a上市公司@x企业利润@x影响@x资本经营@x研究@y中国
606 0  @a上市公司
606 0  @a企业利润
606 0  @a资本经营
690    @aF279.246@v5
701  0 @a黄欣然@AHuang Xin Ran@g(女,@f1975~)@4著
801  0 @aCN@bTANGWEI@c20140603
905    @b0836691-93@dF279.246@e1155@f3
    
    上市公司盈余质量如何影响资本配置效率研究=How the earnings quality of listed companies affects the efficiency of capital allocation/黄欣然著.-北京:中国经济出版社,2013
    14,218页;24cm
    中国青年学者优秀博士论文库 财务会计与资本市场系列.-国家社科基金青年项目研究成果
    
    ISBN 978-7-5136-2527-2:CNY38.00
    本书从会计信息质量经济后果的角度研究了会计信息质量如何对资本配置效率产生影响。书中立足于我国信息环境不完善、股权结构复杂及外部治理机制不健全的现实背景,围绕着代理问题、信息不对称、迎合等相关理论,梳理出影响企业资本配置效率的三种作用机制:管理者和大股东代理行为、融资约束限制、股价信息对管理者行为的引导作用,以此考察了会计信息质量对资本配置效率的影响路径。
●
相关链接 在E读中查询图书 在五车中查询图书 在当当中查询图书 在豆瓣中查询图书


正题名:上市公司盈余质量如何影响资本配置效率研究     索取号:F279.246/1155         预约/预借

序号 登录号 条形码 馆藏地/架位号 状态 备注
1 0836691   208366917   第一样本阅览室/ [索取号:F279.246/1155] 在馆    
2 0836692   208366926   密集书库-海洋学院/ [索取号:F279.246/1155] 在馆    
3 0836693   208366935   第一借阅区/ [索取号:F279.246/1155] 在馆    
唐山师范学院图书馆 欢迎您!
大连网信软件有限公司© 版权所有